000 00458cam a2200169 a 4500
999 _c249
_d249
020 _a0072512644
050 0 0 _aQD31.3
_b.C38
100 1 _aChang, Raymond.
245 1 0 _aChemistry /
_cRaymond Chang with Brandon Cruickshank.
250 _a8th ed.
260 _aBoston :
_bMcGraw-Hill,
_cc2005.
300 _a1 v. (various pagings) :
_bcol. ill. ;
_c27 cm.
500 _aIncludes index.
650 0 _aChemistry.
700 1 _aCruickshank, Brandon.
942 _cBK